000
00264nam a2200109Ia 4500
005
20251222154439.0
008
251222s9999||||xx |||||||||||||| ||spa||
082
_a
868.56/P45V
100
_a
"Perez Galdós, Benito"
245
0
_a
Un voluntario realista
942
_c
LIB
999
_c
36711
_d
36711